Reimbursement of overheads (Record no. 74780)

MARC details
000 -LEADER
fixed length control field 01566cab a2200253 4500
001 - CONTROL NUMBER
control field ABS68595
008 - FIXED-LENGTH DATA ELEMENTS--GENERAL INFORMATION
fixed length control field 050128n2005 000 0 eng u
035 ## - SYSTEM CONTROL NUMBER
System control number (Sirsi) u128673
100 ## - MAIN ENTRY--PERSONAL NAME
Personal name Brewer, G.
245 ## - TITLE STATEMENT
Title Reimbursement of overheads
260 ## - PUBLICATION, DISTRIBUTION, ETC.
Date of publication, distribution, etc. 2005
490 ## - SERIES STATEMENT
Series statement Civil Engineering Surveyor
Volume/sequential designation December/January 2005, 46(1)
520 ## - SUMMARY, ETC.
Summary, etc. Examines "British Telecommunications plc v Geraghty and Miller International Inc" (QBD 29 July 2004, unreported). Employees of Geraghty had drilled through cables belonging to BT while working on a hole by a main road. Geraghty objected to BT's claim for damages and in particular the percentage uplift that BT claimed for overheads. BT argued it only needed to establish the costs it incurred as a result of the damages, but Geraghty contended that much of what BT sought compensation for were either for economic loss of not directly connected to the physical damage. The judge rejected Geraghty's concerns and held that BT was entitled to recover such overheads as the court decided were caused by the repair work, providing that BT could establish the amounts claimed had been reasonably and properly calculated.
590 ## - LOCAL NOTE (RLIN)
Local note ABS
650 ## - SUBJECT ADDED ENTRY--TOPICAL TERM
Topical term or geographic name entry element NEGLIGENCE
650 ## - SUBJECT ADDED ENTRY--TOPICAL TERM
Topical term or geographic name entry element DAMAGES CLAIM
650 ## - SUBJECT ADDED ENTRY--TOPICAL TERM
Topical term or geographic name entry element REPAIR WORK
650 ## - SUBJECT ADDED ENTRY--TOPICAL TERM
Topical term or geographic name entry element LABOUR COSTS
650 ## - SUBJECT ADDED ENTRY--TOPICAL TERM
Topical term or geographic name entry element BRITISH TELECOMMUNICATIONS PLC V GERAGHTY AND MILLER INTERNATIONAL INC
650 ## - SUBJECT ADDED ENTRY--TOPICAL TERM
Topical term or geographic name entry element EURO POOLS PLC V CLYDESIDE STEEL FABRICATIONS LTD
650 ## - SUBJECT ADDED ENTRY--TOPICAL TERM
Topical term or geographic name entry element PHEE FARRER JONES V CONNAUGHT MASON
690 ## - LOCAL SUBJECT ADDED ENTRY--TOPICAL TERM (OCLC, RLIN)
Topical term or geographic name as entry element BUILDING AND CONSTRUCTION-CASE LAW
942 ## - ADDED ENTRY ELEMENTS (KOHA)
Suppress in OPAC 0
Holdings
Withdrawn status Lost status Source of classification or shelving scheme Damaged status Not for loan Home library Current library Shelving location Date acquired Total Checkouts Full call number Barcode Date last seen Copy number Price effective from Koha item type
    Dewey Decimal Classification     London London Journal article 28/01/2005   ABS68595 128673-1001 06/08/2019 1 06/08/2019 Journal article